Sourcing and Supply Chain Management (Record no. 188973)

MARC details
000 -LEADER
fixed length control field 00479nam a22001937a 4500
003 - CONTROL NUMBER IDENTIFIER
control field OSt
020 ## - INTERNATIONAL STANDARD BOOK NUMBER
International Standard Book Number 9788131516690
082 ## - DEWEY DECIMAL CLASSIFICATION NUMBER
Classification number 658.7
Item number HAN/SO
100 ## - MAIN ENTRY--PERSONAL NAME
Personal name Robert B Handefield
245 ## - TITLE STATEMENT
Title Sourcing and Supply Chain Management
250 ## - EDITION STATEMENT
Edition statement 5th
260 ## - PUBLICATION, DISTRIBUTION, ETC. (IMPRINT)
Place of publication, distribution, etc. New Delhi
Name of publisher, distributor, etc. Cengage Learning
Date of publication, distribution, etc. 2011
300 ## - PHYSICAL DESCRIPTION
Extent 848
650 ## - SUBJECT ADDED ENTRY--TOPICAL TERM
Topical term or geographic name as entry element Strategic Cost Management
700 ## - ADDED ENTRY--PERSONAL NAME
Personal name Robert M Monczka
700 ## - ADDED ENTRY--PERSONAL NAME
Personal name Larry C Giunipero
700 ## - ADDED ENTRY--PERSONAL NAME
Personal name James L Patterson
942 ## - ADDED ENTRY ELEMENTS (KOHA)
Source of classification or shelving scheme Dewey Decimal Classification
Koha item type Books (General)
Holdings
Withdrawn status Lost status Source of classification or shelving scheme Damaged status Not for loan Home library Current library Date acquired Cost, normal purchase price Total Checkouts Full call number Date last seen Price effective from Koha item type
    Dewey Decimal Classification     College of Co-operation, Banking & Management Library, Vellanikkara College of Co-operation, Banking & Management Library, Vellanikkara 30/04/2015 0.00   658.7 HAN/SO 30/04/2015 30/04/2015 Books (General)
Kerala Agricultural University Central Library
Thrissur-(Dt.), Kerala Pin:- 680656, India
Ph : (+91)(487) 2372219
E-mail: librarian@kau.in
Website: http://library.kau.in/